Ústav politických vied Fakulty masmédií Paneurópskej vysokej školy

Informácie o Ústave politických vied Paneurópskej vysokej školy. Priblíženie vzniku, akreditácie, absolventov štúdia, zameranie ústavu a jeho aktivity.

Gespeichert in:
Bibliographische Detailangaben
1. Verfasser: Kucharčík, Rudolf, 1977-
Format: Buchkapitel
Sprache:Slowakisch
Schlagworte:
Tags: Tag hinzufügen
Keine Tags, Fügen Sie das erste Tag hinzu!

MARC

LEADER 00000naa a2200000 4500
001 0262527
005 20240502074156.3
041 0 |a slo 
044 |a SK 
245 1 0 |a Ústav politických vied Fakulty masmédií Paneurópskej vysokej školy 
520 |a Informácie o Ústave politických vied Paneurópskej vysokej školy. Priblíženie vzniku, akreditácie, absolventov štúdia, zameranie ústavu a jeho aktivity. 
610 2 0 |a ústavy vedeckovýskumné 
610 2 0 |a štúdium vysokoškolské 
610 2 0 |a školy vysoké 
610 2 0 |a absolventi 
100 1 |a Kucharčík, Rudolf, 1977-